Análisis de estados financieros (Registro nro. 1210)

Detalles MARC
000 -LEADER
fixed length control field 01467 a2200229 4500
001 - CONTROL NUMBER
control field 24646
005 - DATE AND TIME OF LATEST TRANSACTION
control field 20260407155530.0
008 - FIXED-LENGTH DATA ELEMENTS--GENERAL INFORMATION
fixed length control field 260407a1975 arg spa d
003 - CONTROL NUMBER IDENTIFIER
control field AR-UNSa-BCEJYS
040 ## - CATALOGING SOURCE
Original cataloging agency AR-UNSa-BCEJYS
Language of cataloging spa
Transcribing agency AR-UNSa-BCEJYS
080 ## - UNIVERSAL DECIMAL CLASSIFICATION NUMBER
Universal Decimal Classification number 657.3
Common auxiliary subdivision Presupuestos. Cierre de Cuentas. Balances (Estados Contables)
100 1# - MAIN ENTRY--PERSONAL NAME
Personal name Myer, John N.
245 10 - TITLE STATEMENT
Title Análisis de estados financieros
Name of part/section of a work principios y técnicas
250 ## - EDITION STATEMENT
Edition statement 2a. ed
264 #1 - PRODUCTION, PUBLICATION, DISTRIBUTION, MANUFACTURE, AND COPYRIGHT NOTICE
Place of production, publication, distribution, manufacture Buenos Aires :
Name of producer, publisher, distributor, manufacturer Mundi
Date of production, publication, distribution, manufacture, or copyright notice 1975
300 ## - PHYSICAL DESCRIPTION
Extent 287 p.
Dimensions 23 cm.
505 ## - FORMATTED CONTENTS NOTE
Formatted contents note Parte I : El problema y su ubicación : 1. Significación y desarrollo del análisis de estados financieros - 2. Medición y limitaciones de los estados financieros - 3. Medición e interpretación - 4. El problema de los principios genralmente aceptados - 5. Actuales corrientes en los procedimientos contables - 6. El problema de la unidad de medida - Parte II : La técnica del análisis de los estados financieros : 7. Comparación de balances - 8. Estado de causas de las variaciones financieras - 9. Comparación de estados de resultados - 10.Variaciones en los resultados - 11. Tendencias de análisis de estados financieros - 12. Estructura financiera - 13. Interpretación de las mediciones - 13. Casos ilustrativos - 14. Relaciones standard - 15. Diversos esquemas de mediciones.
590 ## - LOCAL NOTE (RLIN)
Local note niveau_biblio:m niveau_hierar:0
700 1# - ADDED ENTRY--PERSONAL NAME
Personal name Seivach, Odette de
700 1# - ADDED ENTRY--PERSONAL NAME
Personal name Bértora, Héctor Raúl
942 ## - ADDED ENTRY ELEMENTS (KOHA)
Koha item type
Existencias
Withdrawn status Lost status Damaged status Not for loan Home library Current library Shelving location Date acquired Total checkouts Full call number Barcode Date last seen Price effective from Koha item type
        Biblioteca Prof. Eusebio Cleto del Rey Biblioteca Prof. Eusebio Cleto del Rey   07/04/2026   657.3 M996 2ed. L12513 07/04/2026 07/04/2026 Libro
        Biblioteca Prof. Eusebio Cleto del Rey Biblioteca Prof. Eusebio Cleto del Rey   07/04/2026   657.3 M996 2ed. L12515 07/04/2026 07/04/2026 Libro
        Biblioteca Prof. Eusebio Cleto del Rey Biblioteca Prof. Eusebio Cleto del Rey   07/04/2026   657.3 M996 2ed. L12514 07/04/2026 07/04/2026 Libro